00783nam a22001817a 450000500170000002000270001703500130004403700260005708200080008324501040009126000340019527000690022930000320029849000300033094200220036099900190038295202000040120170427115338.0 a9789383454938c1495.00 aB-665224 bAsian Book Centre/Ven a000 aGeneral studies (paper-1): bfor civil services main examination 2017/cby Majid Husain...[et...a.] aNew Delhi bAccess Pub.c2017 aH.No.8, Nagin Lake Apartment, Paschim Vihar,bNew Delhi e110087 avarious pagings c25cm(pbk) aCATAPULT test prep series 2ddccENmGENh000 c139305d139305 001040708NFICaAVbAVd2017-04-27eBPPD/EN/2014-15/AV/16-17/387/15.2.2017/5059/1.3.2017/ 7.3.2017g1495.00l9m1o000 GENpB-665224r2022-07-07 00:00:00s2022-06-23t1v1495.00w2017-04-27yEN